THE IMPORTANCE OF BEING EARNEST AND OTHER PLAYS (Record no. 216408)

MARC details
000 -LEADER
fixed length control field 00398nam a22001457a 4500
008 - FIXED-LENGTH DATA ELEMENTS--GENERAL INFORMATION
fixed length control field 260106b |||||||| |||| 00| 0 eng d
020 ## - INTERNATIONAL STANDARD BOOK NUMBER
International Standard Book Number 978-1-784-87152-9
100 ## - MAIN ENTRY--PERSONAL NAME
Personal name WILDE, OSCAR
245 ## - TITLE STATEMENT
Title THE IMPORTANCE OF BEING EARNEST AND OTHER PLAYS
260 ## - PUBLICATION, DISTRIBUTION, ETC.
Place of publication, distribution, etc. LONDON
Name of publisher, distributor, etc. VINTAGE
Date of publication, distribution, etc. 2016
300 ## - PHYSICAL DESCRIPTION
Extent 372P.
650 ## - SUBJECT ADDED ENTRY
Topical term or geographic name entry element 1. IDENTITY 9PSYCHOLOGY) -DRAMA
942 ## - ADDED ENTRY ELEMENTS (KOHA)
Source of classification or shelving scheme Library of Congress Classification
Koha item type Long Loan Book
Holdings
Withdrawn status Lost status Source of classification or shelving scheme Damaged status Not for loan Collection Home library Current library Shelving location Date acquired Inventory number Total checkouts Full call number Barcode Date last seen Copy number Price effective from Koha item type Date last checked out
    Library of Congress Classification     Arts & Social Sciences Kisii University Library Kisii University Library On Display 01/06/2026 110631   PR 5812 .W55 2016 000000017817 01/06/2026 C.1 01/06/2026 Long Loan Book  
    Library of Congress Classification     Arts & Social Sciences Kisii University Library Kisii University Library On Display 01/06/2026 110632   PR 5812 .W55 2016 000000017818 01/06/2026 C.2 01/06/2026 Long Loan Book  
    Library of Congress Classification     Arts & Social Sciences Kisii University Library Kisii University Library On Display 01/06/2026 110633   PR 5812 .W55 2016 000000017819 01/06/2026 C.3 01/06/2026 Long Loan Book  
    Library of Congress Classification     Arts & Social Sciences Kisii University Library Kisii University Library On Display 01/06/2026 110634   PR 5812 .W55 2016 000000017820 01/06/2026 C.4 01/06/2026 Long Loan Book  
    Library of Congress Classification     Arts & Social Sciences Kisii University Library Kisii University Library On Display 01/06/2026 110635 1 PR 5812 .W55 2016 000000017821 02/23/2026 C.5 01/06/2026 Long Loan Book 02/16/2026